Boletn̕ de Actualidad vLex

Bibliographic Details
Format: Book
Language:Spanish
Published: Barcelona : Editorial vLex, 2014 -
Subjects:
Online Access:Acceso restringido

MARC

LEADER 00000nam a22000007a 4500
005 2014120206416.0
007 cr|||| |||
008 141202c20149999cl ||||s |||| 0||| 1spa d
035 |a 12403 
040 |a vLex 
090 |c 5304  |d 5304 
245 0 0 |a Boletn̕ de Actualidad vLex  |h [Recurso electrn̤ico]  
256 |a Servicio en ln̕ea 
260 |a Barcelona :  |b Editorial vLex,  |c 2014 - 
300 |a 1 recurso electrn̤ico 
362 |a Nm︢. 1 (2014) - 
506 1 |a Contenido disponible en los productos indicados  |d vLex Global  |d vLex Global (Academic Edition, excluding Law Schools)  |d vLex Global (U.S. Academic Edition, Law Schools)  |d vLex Global (U.S. Academic Edition, excluding Law Schools)  |d vLex Global (Academic Edition, Law Schools) 
650 0 4 |a Derecho civil  |z Chile 
650 0 4 |a Derecho mercantil  |z Chile 
650 0 4 |a Derecho pb︢lico y administrativo  |z Chile 
740 0 |a vLex Revistas (Servicio en ln̕ea) 
856 4 0 |u http://vlex.com/source/12403  |z Acceso restringido 
942 |c REV 
999 0 |a Commercial law 
999 0 |a Public law 
999 0 |a Civil law